000
00359nam a2200133Ia 4500
008
231129s1995||||xx |||||||||||||| ||spa||
020
_a
84-487-0205-0
082
_a
901 J396o
100
_a
Jaspers Karl.
245
0
_a
Origen y meta de la historia
260
_c
1995
264
_a
Barcelona : Altaya.
942
_2
ddc
_c
BKS
999
_c
22187
_d
22187